Score 0/20 Timer 02:00
2 Plays Today
Clue 4-Letter Word % Correct
Edge of a hatBRIM
94.5%
Decorate a Christmas treeTRIM
89.7%
___-a-bracBRIC
89.2%
Former Fox Sitcom: '[Rung 8] 70s [Rung 11]'THAT
86.9%
Former Fox Sitcom: '[Rung 8] 70s [Rung 11]'SHOW
86.5%
Stephen King's 'The Green ___'MILE
86.4%
'A ___ in the Dark'SHOT
85.6%
StreetcarTRAM
82.2%
Become exhaustedTIRE
78.9%
'Pygmalion' playwright George BernardSHAW
77.8%
Clue 4-Letter Word % Correct
Giants or Titans, e.g.TEAM
77.7%
MeltTHAW
77.1%
RippedTORE
74%
AlphabetizeSORT
72.1%
Udder protuberanceTEAT
72.1%
Wet spongy earth like a bogMIRE
71.2%
Flue coatingSOOT
69.5%
Jackie portrayer Kunis on '[Rung 8] 70s [Rung 11]'MILA
67.2%
Topher Grace's role on '[Rung 8] 70s [Rung 11]'ERIC
66.9%
A wrongful act, legallyTORT
65.5%

Today's Daily Dose

You're not logged in!

Compare scores with friends on all Sporcle quizzes.
OR
Log In

Sporcle TV

Today on Sporcle TV


Watch our educational content, quiz creation guides, and fun videos on Sporcle TV.

Show Comments

Extras

Top Quizzes Today


Score Distribution

Paid Content

Your Account Isn't Verified!

In order to create a playlist on Sporcle, you need to verify the email address you used during registration. Go to your Sporcle Settings to finish the process.

Report this User

Report this user for behavior that violates our Community Guidelines.

Details: